• 首页
  • 本馆介绍
  • 公告通知
  • 最新文献
  • 馆藏检索
  • 电子资源
  • 读者导购
  • 参考咨询
  • 我的图书馆
  • 登录
  • 详细信息显示
  • 放入我的书架
  • 预约/预借图书
  • 作者相关作品
  • 分类相关作品
  • 丛书相关作品
  • 出版社相关作品

书目信息

  • 表格格式
  • 工作单格式
  • 卡片格式
题名:
运动生物化学
    
 
作者: 许豪文 , 冯炜权 , 王元勋 主编
分册:  
出版信息: 北京   高等教育出版社  1997
页数: 206页
开本: 20cm
丛书名:
单 册:
中图分类: G804.7
科图分类:
主题词: 体育理论
电子资源:
ISBN: 7-04-006580-0
000 00701nam0 2200229 450
001 0635590968
005 20070703075258.84
010    @a7-04-006580-0@dCNY9.10
100    @a20060930d1997 km y0chiy0120 ea
101 0  @achi
102    @aCN@b110000
200 1  @a运动生物化学@Ayun dong sheng wu hua xue@f许豪文,冯炜权,王元勋主编@Fxu hao wen,feng wei quan,wang yuan xun zhu bian
210    @a北京@c高等教育出版社@d1997
215    @a206页@d20cm
300    @a高等学校教材
606 0  @a体育理论
690    @aG804.7@v3
701  0 @a许豪文@Axu hao wen@4主编
701  0 @a冯炜权@Afeng wei quan@4主编
701  0 @a王元勋@Awang yuan xun@4主编
801  0 @aCN@bNISOFT@c20070703
905    @a10447@dG804.7@e181
    
    运动生物化学/许豪文,冯炜权,王元勋主编.-北京:高等教育出版社,1997
    206页;20cm
    高等学校教材
    
    ISBN 7-04-006580-0:CNY9.10
    
●
相关链接 在E读中查询图书 在五车中查询图书 在当当中查询图书 在豆瓣中查询图书


正题名:运动生物化学     索取号:G804.7/181         预约/预借

序号 登录号 条形码 馆藏地/架位号 状态 备注
1 0494140   204941402   密集书库/ [索取号:G804.7/181] 在馆    
2 0494546   204945462   密集书库/ [索取号:G804.7/181] 在馆    
3 0684782   206847821   库房3/ [索取号:G804.7/181] 在馆    
4 0684783   206847830   库房3/ [索取号:G804.7/181] 在馆    
5 0684784   206847849   库房3/ [索取号:G804.7/181] 在馆    
6 0684785   206847858   库房3/ [索取号:G804.7/181] 在馆    
7 0764795   207647956   密集书库/ [索取号:G804.7/181] 在馆    
唐山师范学院图书馆 欢迎您!
大连网信软件有限公司© 版权所有